000 00425nam a2200169 a 4500
001 0000-9034
003 ELIB.Books
008 110520 1963
035 _a(ELIB.Books)0000-9183
082 _a225.7
_bFou
100 _aFoulkes, Francis
245 _aTyndale (Ephesians)
260 _bLeicester: Inter-Varsity Press
_c1963
650 _aCommentaries
942 _2ddc
_cBK
998 _cbat
_e2011-05-20
999 _c9034
_d9034